000 00670nam a2200193 i 4500
001 94941
003 ES-MaACL
007 t|
008 050518s1974 sp ||||1| spa d
100 1 _aLuedtke, Helmut.
_974626
245 1 0 _aHistoria del léxico románico /
_cHelmut Luedke; versión española de Marcos Martínez Henández.
260 _aMadrid :
_bGredos,
_c1974.
300 _a336 p. ;
_c21 cm.
490 1 _aBiblioteca románica hispánica. III. Manuales ;
_v33
700 1 _aMartínez Hernández, Marcos.
_978149
830 0 _aBiblioteca románica hispánica. III. Manuales ;
_v33
_9177701
852 _aES-MaACL
_jE-6358
_bR.90746
999 _c94941
_d94941